Welcome to the Holygrace Academy Library

Please use search bar below to get started

THE HARDY BOYS - THE BICYCLE THIEF (Record no. 7914)

MARC details
000 -LEADER
fixed length control field 00540nam a22001457a 4500
020 ## - INTERNATIONAL STANDARD BOOK NUMBER
ISBN 978-1-4169-9396-4
082 ## - DEWEY DECIMAL CLASSIFICATION NUMBER
Classification number 823
Item number DIX/H
100 ## - MAIN ENTRY--AUTHOR NAME
Personal name DIXON, FRANKLIN W
245 ## - TITLE STATEMENT
Title THE HARDY BOYS - THE BICYCLE THIEF
260 ## - PUBLICATION, DISTRIBUTION, ETC. (IMPRINT)
Place of publication NEW YORK
Name of publisher ALADDIN PAPERBACKS
Year of publication 2011
300 ## - PHYSICAL DESCRIPTION
Number of Pages 88
520 ## - SUMMARY, ETC.
Summary, etc Bayport's leading bully, Adam Ackerman, seems to be the prime suspect. But when he proves that he wasn't the bicycle thief, everyone turns out to be a potential culprit--even Mr. Mack's dog, Lucy!
650 ## - SUBJECT ADDED ENTRY--TOPICAL TERM
Topical Term MYSTERY
Geographic subdivision UNITED STATES
942 ## - ADDED ENTRY ELEMENTS (KOHA)
Koha item type Books
Holdings
Withdrawn status Lost status Collection code Home library Current library Shelving location Date acquired Source of acquisition Cost, normal purchase price Full call number Accession Number Koha item type
    Fiction Main Library Main Library NEW SHELF WITH NEW ENTRY 12/12/2023 purchase 150.00 823 DIX/H 13507 Books